000 00436pam a2200157a 44500
008 230515b2008 xxu||||| |||| 00| 0 eng d
020 _a978-1-887354-60-8
041 _aENGLISH
082 _aR
100 _aHUNT S
245 _aTHE WRIGHT EXPERIENCE A MASTER ARCHITECTS VISION
250 _a1
260 _aSCOTLAND
_bSARABAND PUB LTD SCOTLAND
_c2008
300 _a172
650 _aTHE WRRIGHT EXPERIENCE A MASTER ARCHITECTS VISION
999 _c479555
_d479555